Indígenas, campesinos y grandes empresas : (Registro nro. 4511)

000 -CABECERA
campo de control de longitud fija 01410nam a22002417a 4500
005 - FECHA Y HORA DE LA ÚLTIMA TRANSACCIÓN
campo de control 20260413200803.0
008 - DATOS DE LONGITUD FIJA--INFORMACIÓN GENERAL
campo de control de longitud fija 260413b ||||fr|||| 00| 0 eng d
020 ## - NÚMERO INTERNACIONAL ESTÁNDAR DEL LIBRO
ISBN 978-612-45697-3-9
040 ## - FUENTE DE LA CATALOGACIÓN
Centro catalogador/agencia de origen CENDOC CAAAP
Lengua de catalogación spa
Centro/agencia transcriptor CAAAP
041 ## - CÓDIGO DE LENGUA
Código de lengua del texto/banda sonora o título independiente spa
050 ## - SIGNATURA TOPOGRÁFICA DE LA BIBLIOTECA DEL CONGRESO
Número de clasificación GE 190.P4
Número de documento/Ítem D68
100 1# - ENTRADA PRINCIPAL--NOMBRE DE PERSONA
9 (RLIN) 3714
Nombre personal Dourojeanni, Marc J.
245 1# - MENCIÓN DE TÍTULO
Título Indígenas, campesinos y grandes empresas :
Subtitulo experiencia de los programas de monitoreo socioambiental comunitario /
Mención de responsabilidad, etc. Marc Dourojeanni; Óscar Rada y Luis Ramírez
250 ## - MENCIÓN DE EDICIÓN
Mención de edición 1ra edición
260 ## - PUBLICACIÓN, DISTRIBUCIÓN, ETC.
Lugar de publicación, distribución, etc. Lima, Perú :
Nombre del editor, distribuidor, etc. Pronaturaleza,
Fecha de publicación, distribución, etc. 2012.
300 ## - DESCRIPCIÓN FÍSICA
Extensión 195 páginas:
Otras características físicas mapas, gráficos,
Dimensiones 24 x 17 cm
520 ## - NOTA DE RESUMEN
Ampliación de la nota de sumario El libro analiza las dinámicas de interacción entre comunidades indígenas, poblaciones campesinas y grandes empresas extractivas en el Perú, centrándose en el sector de hidrocarburos. A partir de una revisión histórica de la explotación de recursos naturales no renovables, el libro presenta la experiencia desarrollada por ProNaturaleza en la implementación de programas de monitoreo socioambiental comunitario.
650 #0 - PUNTO DE ACCESO ADICIONAL DE MATERIA--TÉRMINO DE MATERIA
9 (RLIN) 4703
Término de materia o nombre geográfico como elemento de entrada Comunidades indígenas
Subdivisión de forma Gestión de conflictos
Subdivisión general Aspectos ambientales
Subdivisión geográfica Perú
700 1# - PUNTO DE ACCESO ADICIONAL--NOMBRE DE PERSONA
9 (RLIN) 5648
Nombre de persona Ramírez, Luis Hernán
Término indicativo de función/relación autor
700 ## - PUNTO DE ACCESO ADICIONAL--NOMBRE DE PERSONA
9 (RLIN) 5868
Nombre de persona Rada, Óscar
Término indicativo de función/relación autor
856 ## - LOCALIZACIÓN Y ACCESO ELECTRÓNICOS
Identificador Uniforme del Recurso <a href="https://pronaturaleza.org/wp-content/uploads/2022/02/ndi%CC%81genas-campesinos-y-grandes-empresas.pdf">https://pronaturaleza.org/wp-content/uploads/2022/02/ndi%CC%81genas-campesinos-y-grandes-empresas.pdf</a>
942 ## - ELEMENTOS PERSONALIZADOS KOHA
Fuente del sistema de clasificación o colocación
Fecha de catalogación DD - MM - AA
Existencias
Fuente del sistema de clasificación o colocación Localización permanente Ubicación/localización actual Fecha de adquisición Total de préstamos Signatura LC Fecha visto por última vez
  CENTRO DE DOCUMENTACIÓN (CENDOC) CENTRO DE DOCUMENTACIÓN (CENDOC) 04/13/2026   GE190.P4 D68 04/13/2026
Centro de Documentación CAAAP | AV. Manuel González Prada 626, Magdalena del Mar | (51-1) 4615223 Anexo 205 y 209 | cendoc@caaap.org.pe